期刊信息 |
| 索取号 |
C5/XBDX
|
| 题名 |
西北大学学报
|
| 作者 |
西北大学学报编辑部
|
| 分册号 |
|
| 分册名 |
|
| 出版地 |
西安
|
| 出版者 |
该刊编辑部
|
| 标准刊号 |
1000-2731
|
| 出版频率 |
双月刊
|
| 中图法分类 |
B
|
| 主题词 |
社会科学 丛书; 社会科学 文集; 社会科学 连续出版物
|
| 电子资源 | |
| |
|
| 000 | 01435nas0 2200445 45 | |
| 001 | 1196010039 | |
| 005 | 20190701102355.27 | |
| 011 | @a1000-2731@dCNY2.00(1996) | |
| 021 | @a陕西020 | |
| 091 | @aCN@b61-1011 | |
| 092 | @aCN@b52-9@cQ374 | |
| 100 | @a19900830a1957 k y0chiy0110 eb | |
| 101 | 0 | @achi |
| 102 | @aCN@b610000 | |
| 110 | @aahaz 0yy0 | |
| 200 | 1 | @a西北大学学报@AXi Bei Da Xue Xue Bao@f西北大学学报编辑部@FXi Bei Da Xue Xue Bao Bian Ji Bu@i哲学社会科学版@IZhe Xue She Hui Ke Xue Ban@dJournal of Northwest University@zeng@zeng |
| 207 | 0 | @aV.1,no.1(1957)~=总1~ |
| 210 | @a西安@c该刊编辑部@d1957~ | |
| 215 | @d26cm | |
| 315 | @a休刊:1960~72 | |
| 326 | @a双月刊@b2004~ | |
| 326 | @a季刊@b~2003 | |
| 510 | 1 | @aJournal of Northwest University@zeng |
| 530 | 0 | @a西北大学学报@AXi Bei Da Xue Xue Bao |
| 540 | 1 | @a西北 大学 学报 哲学 社会科学@AXi Bei Da Xue Xue Bao Zhe Xue She Hui Ke Xue |
| 541 | 1 | @aJournal of Northwest University@iPhilosophy social science@zeng |
| 606 | 0 | @a社会科学@x丛书 |
| 606 | 0 | @a社会科学@x文集 |
| 606 | 0 | @a社会科学@x连续出版物 |
| 610 | 0 | @a哲学@a社会科学 |
| 676 | @a100@v19 | |
| 676 | @a378@v19 | |
| 676 | @a300@v19 | |
| 690 | @aB@v3 | |
| 690 | @aC@v3 | |
| 690 | @aC5@v4 | |
| 711 | 02 | @a西北大学@AXi Bei Da Xue@4主办 |
| 711 | 02 | @a西北大学学报编辑部@AXi Bei Da Xue Xue Bao Bian Ji Bu |
| 801 | 0 | @bPFT@c20070522 |
| 905 | @dC5@eXBDX | |
| 西北大学学报/西北大学学报编辑部.哲学社会科学版=Journal of Northwest University.-V.1,no.1(1957)~=总1~.-西安:该刊编辑部,1957~ |
| 26cm |
| ←识别题名:西北大学学报 |
| ISSN 1000-2731:CNY2.00(1996) |
| ● |
| 相关链接: |
|
|
|
|